| 000 | 00600nam a22001817a 4500 | ||
|---|---|---|---|
| 003 | OSt | ||
| 005 | 20260421065628.0 | ||
| 008 | 260421b |||||||| |||| 00| 0 eng d | ||
| 040 |
_aOC _cDWC-Main Lib |
||
| 082 | _aFil. 150 R696u 2009 | ||
| 100 | _aRodriguez, T. | ||
| 245 |
_aUnderstanding human behavior : _ba psychology worktext _cRodriquez, Tessie J. |
||
| 260 |
_aManila : _bRex Book Store, _c c2009. |
||
| 300 |
_axi, 298 pages ; _c22 cm. |
||
| 650 | _a1. Psychology. | ||
| 650 | _a2. Human behavior. | ||
| 942 |
_2ddc _cBK-FIL _hFil. 150 R696u 2009 _kFil. _n0 |
||
| 999 |
_c9582 _d9582 |
||